Normal view
MARC view
- Adams, Sir John
Entry Personal Name
001 - CONTROL NUMBER
- control field: 106654
003 - CONTROL NUMBER IDENTIFIER
- control field: NUST
005 - DATE AND TIME OF LATEST TRANSACTION
- control field: 20230102174501.0
008 - FIXED-LENGTH DATA ELEMENTS
- fixed length control field: 230102|| aca||aabn | a|a d
040 ## - CATALOGING SOURCE
- Original cataloging agency: NUST
- Transcribing agency: NUST
100 ## - HEADING--PERSONAL NAME
- Personal name: Adams, Sir John
670 ## - SOURCE DATA FOUND
- Source citation: Work cat.: (NUST)193925: Adams, Sir John, The students guide /, 1945
